Responses for Show #521 - Monday, December 8, 1986

Contestants

[<< previous game]

Annette Freestone, a graduate student from Clovis, New Mexico

Bill Ryan, a national sales representative from Pittsburgh, Pennsylvania

Lee Pritchard, a writer originally from East Lansing, Michigan (whose 1-day cash winnings total $7,000)

[next game >>]

Jeopardy! Round responses

BUSINESS & INDUSTRY
ANIMALS
FOOD
SPORTS
THE JET SET
(blank)
(Alex: All of the clues and all of the responses have to do with things that are missing.)
    $100 21
Nestlé

Lee
    $100 15
during the night

Bill
    $100 8
tabasco

Bill
    $100 6
soccer

Lee
    $100 7
Valentino

Annette
    $100 1
invisible ink

Lee
    $200 22
(Annette: What is aluminum?)

Reynolds

LeeAnnette
    $200 16
(Lee: What are its nostrils?)

lungs

LeeAnnette
    $200 17
Dijon

Annette
    $200 9
golf

Lee
    $200 10
Duchess of Windsor

Lee
    $200 2
absent

Bill
    $300 23
Lee Nails

Lee
    $300 25
organ grinders

Bill
    $300 18
armadillo

Lee
    $300 12
Gator Bowl & Orange Bowl

Bill
    $300 11
Nureyev

Bill
    $300 3
vacancy

Bill
    $400 24
(Lee: What is Montgomery department what is a department store?)

mail order merchandising (catalogs)

LeeBill
    $400 26
(Annette: What is a sloth?)
...
[The end-of-round signal sounds.]

pygmy marmoset

LeeAnnette
    $400 19
(Lee: What is a persimmon?)

peach

Lee
Triple Stumper
    $400 13
Harmon Killebrew

Bill
    $500 4
(Bill: What is "[*] leaves nothing".)

"Nothing From Nothing"

Bill
    $500 20
age

Annette
    $500 14
We was robbed!

Bill
    $500 5
Zero

Bill

Scores at the first commercial break (after clue 10):

Lee Bill Annette
$600 $1,600 $100

Scores at the end of the Jeopardy! Round:

Lee Bill Annette
$900 $3,900 $400

Double Jeopardy! Round responses

ANCIENT HISTORY
TV TRIVIA
"GREEN"
AUTHORS
U.S. STATES
COUNTRY MUSIC FIRSTS
    $200 15
Rome

Lee
    $200 14
Howard Cosell

Lee
    $200 9
green light

Annette
    $200 1
Norman Mailer

Bill
    $200 6
Kentucky

Annette
    $200 24
Dolly Parton

Lee
    $400 16
crown of emperor

Lee
    $400 20
Mr. Ed

Bill
    $400 10
green thumb

Bill
    $400 2
Samuel Johnson

Bill
    $400 7
Ohio

Bill
    $600 17
(Annette: What is a [*]?)
(Lee: What is a metropolis?)
(Bill: What is a Parthenon?)
[Annette's response was ruled incorrect and the decision was reversed before the FJ! clue was revealed. The scores for both Lee and Bill did not change.]

citadel (acropolis)

LeeBillAnnette
    $600 21
Doberman

Bill
    $600 11
green eggs

Lee
    $600 3
(Franz) Kafka

Lee
    $1,000 8
(Bill: What are Connecticut, Vermont, Maine, New Hampshire and Massachusetts ?

Connecticut, Vermont, Maine, New Hampshire, Massachusetts and Rhode Island

Bill
    $800 18
Italy

Lee
    $2,000 22
(Bill: What are Hollywood Squares, Family Feud, and Crossword?)

Hollywood Squares, Family Feud & Tic-Tac-Dough

Bill
    $800 12
(Annette: What is How Green Was My Valley?)

The Corn Is Green

LeeAnnette
    $800 4
Robert Ludlum

Annette
    $800 25
(Lee: What is um, New Mexico?)
(Annette: What is finding oil?)

South Dakota

LeeAnnette
Triple Stumper
    $1000 19
(Lee: Who is Petrarch?)

Plutarch

Lee
Triple Stumper
    $1000 23
(Lee: Who is Carroll O'Connor?)

Jackie Gleason

Lee
Triple Stumper
    $1000 13
Adolph Green

Bill
    $1000 5
Elisabeth Kübler-Ross

Lee
    $1000 26
[The end-of-round signal sounds.]

Hawaii

Annette

Scores at the end of the Double Jeopardy! Round:

Lee Bill Annette
$2,300 $3,700 $1,600

[wagering suggestions for these scores]

Final Jeopardy! Round responses

NOTORIOUS
AnnetteWho are the Hatfields & McCoys
$1,600
LeeWho are the Hatfields & McCoys
$2,300
BillWho are the Hatfields and McCoy's
$3,700
The Hatfields & the McCoys

Final scores:

Lee Bill Annette
$4,600 $7,400 $3,200
2nd place: Longines watches & Eureka Express Power Team home cleaning system New champion: $7,400 3rd place: Frigidaire refrigerator

Game dynamics:

Coryat scores:

Lee Bill Annette
$2,300 $6,600 $1,600
18 R,
7 W
19 R
(including 1 DD),
3 W
(including 2 DDs)
9 R,
4 W

Combined Coryat: $10,500

[game clues] [game scores] [suggest correction]

Game tape date: 1986-09-17
The J! Archive is created by fans, for fans. Scraping, republication, monetization, and malicious use prohibited; this site may use cookies and collect identifying information. See terms. The Jeopardy! game show and all elements thereof, including but not limited to copyright and trademark thereto, are the property of Jeopardy Productions, Inc. and are protected under law. This website is not affiliated with, sponsored by, or operated by Jeopardy Productions, Inc. Join the discussion at JBoard.tv.